00814nam a2200217 i 4500003000900000005001700009007000300026008004100029020001800070040003000088082001700118100003600135245012700171264005300298300005500351336002700406337003300433338002800466500006300494504003900557DO-SdBNP20250507115405.0ta250507b2025 dr ac||| |||| 00| 0 spa d a9798876839718 aDO-SdBNPbspacBNPHUerda 4axxxbxxx222 aLeocadio, Pascual,eautor4aut.10aCuentos clásicos con matemáticas :bhistorias que te harán pensar y reír con las matemáticas /cPascual Leocadio 1aSanto Domingos :bEditor no identificado,c2025. a210 páginas :bilustraciones, retratos ;c22 cm. atextobtxt2rdacontent asin mediaciónbn2rdamedia avolumenbnc2rdacarrier aIncluye datos biográficos del autor en la contracubierta aBibliografía : páginas 205-210